Federal control of business : antitrust laws /

Shranjeno v:
Bibliografske podrobnosti
Glavni avtor: Stickells, Austin T.
Format: Knjiga
Jezik:English
Izdano: Rochester, N.Y. : Lawyers Co-operative Pub. Co., 1972.
Teme:
LEADER 01262cam a2200325 a 4500
001 c000295662
003 CARM
005 20100415094236.0
008 721128s1972 nyu b 001 0 eng d
010 |a 72084857 
019 1 |a 589152  |5 LACONCORD2021 
035 |a (OCoLC)524453  |5 LACONCORD2021 
040 |a LC  |b eng  |c LC  |d LC 
043 |a n-us--- 
050 0 0 |a KF1649  |b .S75 
082 0 4 |a 343.73072  |2 19 
082 0 4 |a 347.30372  |2 19 
100 1 |a Stickells, Austin T. 
245 1 0 |a Federal control of business :  |b antitrust laws /  |c by Austin T. Stickells. 
246 3 |a Antitrust laws 
260 |a Rochester, N.Y. :  |b Lawyers Co-operative Pub. Co.,  |c 1972. 
300 |a xi, 930 p. ;  |c 26 cm. 
500 |a Kept up to date by a cumulative supplement. 
500 |a VCAV copy has Cumulative supplement to federal control of business : antitrust laws (January 1979) inserted in inside back cover. 
504 |a Includes bibliographical references. 
650 0 |a Antitrust law  |z United States. 
740 0 |a Antitrust laws. 
852 8 |b CARM  |h A3:AI04F0  |i C12448  |p 0536754  |f BK 
999 f f |i c8a789dc-492b-5777-ba94-a758cf3e256f  |s a5c25e52-bed1-5dbd-817a-98f701a08207 
952 f f |p Can circulate  |a CAVAL  |b CAVAL  |c CAVAL  |d CARM 1 Store  |e C12448  |f A3:AI04F0  |h Other scheme  |i book  |m 0536754